Ephesians. (Record no. 5850)

000 -LEADER
fixed length control field 00747nam a2200193 a 4500
001 - CONTROL NUMBER
control field :::00003592$&:&@@
003 - CONTROL NUMBER IDENTIFIER
control field OkBaRHE
005 - DATE AND TIME OF LATEST TRANSACTION
control field 20000607103308.0
008 - FIXED-LENGTH DATA ELEMENTS--GENERAL INFORMATION
fixed length control field s1954 j 000 0 eng u
040 ## - CATALOGING SOURCE
Transcribing agency
100 1# - MAIN ENTRY--PERSONAL NAME
Personal name Wright, Walter C.
245 10 - TITLE STATEMENT
Title Ephesians.
Statement of responsibility, etc An encyclical letter from the heart of Christ through the heart of Paul to the heart of the Church of all time.
260 ## - PUBLICATION, DISTRIBUTION, ETC. (IMPRINT)
Place of publication, distribution, etc Chicago, IL., :
Name of publisher, distributor, etc Moody Press
Date of publication, distribution, etc c1954
300 ## - PHYSICAL DESCRIPTION
Extent 128 p. ;
Dimensions 17 cm.
650 ## - SUBJECT ADDED ENTRY--TOPICAL TERM
Topical term or geographic name as entry element Bible New Testament Ephesians
General subdivision Commentaries
942 ## - ADDED ENTRY ELEMENTS (KOHA)
Source of classification or shelving scheme
Koha item type Books
Copies
Copy number Date acquired Lost status Full call number Not for loan Shelving location Date last seen Permanent Location Price effective from Koha item type Withdrawn status Source of classification or shelving scheme Damaged status Barcode
12010-04-14 BS 2695 .W7 General Stacks2018-04-03RHEMA Bible Training College2010-04-14Books   3592
22010-04-14 BS 2695 .W7 General Stacks2018-04-03RHEMA Bible Training College2010-04-14Books   15677